000 00600nam a2200193 i 4500
001 87887
003 ES-MaACL
005 20230906175746.0
007 t|
008 041227s1973 sp ||||1| spa d
100 1 _aLacoste, Alain.
_969390
245 1 0 _aBiogeografía /
_cAlain Lacoste y Robert Salamon ; [versión y adaptación J.M. Camarasa].
250 _a[1ª ed.].
260 _aVilassar de Mar, Barcelona :
_bOikos-Tau,
_c[1973]
300 _a271 p. :
_bil. ;
_c20 cm.
700 1 _aSalamon, Robert.
_9101709
700 1 _aCamarasa, Josep M.
_933999
852 _aES-MaACL
_jC-53459
_bR.86421
999 _c87887
_d87887